[Event "Copa Latina 2015"]
[Site "Vicente Lopez ARG"]
[Date "2015.03.22"]
[Round "5.33"]
[White "Fabrega, Enrique"]
[Black "Bernal, Lucas"]
[Result "1/2-1/2"]
[WhiteElo "2146"]
[BlackElo "1933"]
[PlyCount "137"]
[EventDate "2015.03.19"]
[EventType "swiss"]
[EventRounds "9"]
[EventCountry "ARG"]
[Source "lmi"]
[SourceDate "2015.03.19"]

1. d4 d5 2. Nf3 Nf6 3. g3 e6 4. c4 c6 5. Bg2 Be7 6. Nc3 Nbd7 7. cxd5 exd5 8.
O-O O-O 9. a3 a5 10. Qc2 Re8 11. Bf4 Nf8 12. Ne5 Ng6 13. Nxg6 hxg6 14. Rac1 Bd6
15. Bg5 Bf5 16. Qd1 Qd7 17. Na4 Qe6 18. Re1 Bh3 19. Bxh3 Qxh3 20. Bxf6 gxf6 21.
e3 Kg7 22. Qf3 Rh8 23. Qg2 Qf5 24. Nc5 Bxc5 25. Rxc5 a4 26. e4 Qe6 27. e5 fxe5
28. dxe5 Rh3 29. Qf3 Rah8 30. Qf6+ Qxf6 31. exf6+ Kxf6 32. Kg2 Rxh2+ 33. Kf3
R8h5 34. Rf1 Rf5+ 35. Ke2 Re5+ 36. Kf3 Rhh5 37. Rc2 Rhf5+ 38. Kg2 Re4 39. Rb1
Rfe5 40. b3 Re7 41. Rc3 axb3 42. Rbxb3 Re2 43. Rb6 g5 44. Rb4 Kg6 45. Rcb3 Ra2
46. Rc3 f5 47. g4 Re4 48. gxf5+ Kxf5 49. Rxb7 Rf4 50. Rf7+ Ke5 51. Rxf4 gxf4
52. Rxc6 Rxa3 53. Rc8 Ke4 54. Re8+ Kd3 55. Kf3 Ra2 56. Rd8 d4 57. Kxf4 Ke2 58.
Ke5 d3 59. f4 Ra5+ 60. Ke6 Ra6+ 61. Ke5 d2 62. f5 Ra3 63. Rxd2+ Kxd2 64. f6 Rf3
65. Ke6 Kd3 66. f7 Kd4 67. Ke7 Re3+ 68. Kd7 Rf3 69. Ke7 1/2-1/2

[Event "Copa Latina 2015"]
[Site "Vicente Lopez ARG"]
[Date "2015.03.22"]
[Round "5.35"]
[White "Leon, Juan Carlos"]
[Black "Moreno, Carlos"]
[Result "1-0"]
[WhiteElo "2265"]
[BlackElo "1879"]
[PlyCount "43"]
[EventDate "2015.03.19"]
[EventType "swiss"]
[EventRounds "9"]
[EventCountry "ARG"]
[Source "lmi"]
[SourceDate "2015.03.19"]

1. Nf3 d5 2. d4 Nf6 3. Bf4 e6 4. e3 Nbd7 5. Bd3 Be7 6. O-O O-O 7. h3 Ne4 8.
Nfd2 f5 9. f3 Nd6 10. e4 fxe4 11. fxe4 Bg5 12. Bxg5 Rxf1+ 13. Qxf1 Qxg5 14. e5
Ne4 15. Bxe4 dxe4 16. Qe2 e3 17. Ne4 Qg6 18. Nbc3 b6 19. Rf1 Bb7 20. Rf4 Rd8
21. Qxe3 c5 22. Rg4 1-0

[Event "Copa Latina 2015"]
[Site "Vicente Lopez ARG"]
[Date "2015.03.22"]
[Round "5.38"]
[White "Aguero Arce, Matias"]
[Black "Mafra, Kaiser Luiz"]
[Result "1-0"]
[WhiteElo "2035"]
[BlackElo "2212"]
[PlyCount "87"]
[EventDate "2015.03.19"]
[EventType "swiss"]
[EventRounds "9"]
[EventCountry "ARG"]
[Source "lmi"]
[SourceDate "2015.03.19"]

1. d4 c5 2. e3 Nf6 3. Nf3 g6 4. c4 Bg7 5. g3 O-O 6. Bg2 cxd4 7. exd4 d5 8. c5
b6 9. cxb6 axb6 10. O-O Nc6 11. Nc3 e6 12. Bf4 Ba6 13. Re1 Nb4 14. Ne5 Nh5 15.
Bd2 Nd3 16. Nxd3 Bxd3 17. Be3 Ba6 18. Rc1 Qd7 19. Na4 Rfc8 20. b3 Bf8 21. Bf1
Bxf1 22. Rxf1 b5 23. Nc5 Bxc5 24. dxc5 e5 25. Qc2 d4 26. Bd2 Qd5 27. Bb4 Ng7
28. Rfe1 Ne6 29. h4 d3 30. Qd2 Nd4 31. Re3 e4 32. Bc3 f5 33. Ba1 Rd8 34. Kg2
Ra7 35. Qb2 Rc7 36. b4 Ra7 37. c6 Rxa2 38. Qxd4 Qxd4 39. Bxd4 d2 40. c7 Rc8 41.
Rd1 Rxc7 42. Re2 Rc4 43. Bc5 Rc1 44. Rexd2 1-0

[Event "Copa Latina 2015"]
[Site "Vicente Lopez ARG"]
[Date "2015.03.22"]
[Round "5.40"]
[White "Seia, Diego"]
[Black "Strok, Boris"]
[Result "1-0"]
[WhiteElo "2189"]
[BlackElo "2000"]
[PlyCount "79"]
[EventDate "2015.03.19"]
[EventType "swiss"]
[EventRounds "9"]
[EventCountry "ARG"]
[Source "lmi"]
[SourceDate "2015.03.19"]

1. d4 Nf6 2. c4 g6 3. Nc3 Bg7 4. e4 d6 5. h3 O-O 6. Nf3 e5 7. d5 c5 8. Bg5 h6
9. Be3 Kh8 10. Be2 Na6 11. O-O Ng8 12. Nh2 f5 13. exf5 gxf5 14. f4 e4 15. Kh1
Nc7 16. Rg1 Ne8 17. Qd2 Qh4 18. g3 Qe7 19. Rg2 Ngf6 20. Rag1 Bd7 21. g4 Nh7 22.
Nd1 a6 23. b3 b5 24. cxb5 axb5 25. gxf5 b4 26. Bh5 Nhf6 27. Bg6 Rg8 28. Ng4 Nc7
29. Ne5 dxe5 30. d6 Qd8 31. fxe5 Nce8 32. Bf7 Bxf5 33. exf6 Qxf6 34. Bxg8 Bd7
35. Bd5 Rc8 36. Bxh6 Bxh6 37. Rg8+ Kh7 38. Bxe4+ Bf5 39. Bxf5+ Qxf5 40. Rh8+
1-0

[Event "Copa Latina 2015"]
[Site "Vicente Lopez ARG"]
[Date "2015.03.22"]
[Round "5.45"]
[White "Bernal, Gustavo"]
[Black "Martin, Luis Jacinto"]
[Result "1-0"]
[WhiteElo "2132"]
[BlackElo "1848"]
[PlyCount "48"]
[EventDate "2015.03.19"]
[EventType "swiss"]
[EventRounds "9"]
[EventCountry "ARG"]
[Source "lmi"]
[SourceDate "2015.03.19"]

1. d4 Nf6 2. c4 g6 3. Nc3 d5 4. cxd5 Nxd5 5. e4 Nxc3 6. bxc3 Bg7 7. Rb1 c5 8.
Nf3 Nc6 9. d5 Nb8 10. Bb5+ Nd7 11. O-O O-O 12. Bxd7 Qxd7 13. c4 Qc7 14. h3 Rd8
15. Bg5 h6 16. Bh4 f5 17. exf5 Bxf5 18. Rb3 g5 19. Bg3 Qc8 20. Re1 e6 21. Ne5
exd5 22. Qh5 Be6 23. Qg6 Rf8 24. Ng4 Bf7 1-0

[Event "Copa Latina 2015"]
[Site "Vicente Lopez ARG"]
[Date "2015.03.22"]
[Round "5.46"]
[White "Nieva, Jose Luis"]
[Black "Palmero, Pablo"]
[Result "0-1"]
[WhiteElo "1998"]
[BlackElo "2104"]
[PlyCount "54"]
[EventDate "2015.03.19"]
[EventType "swiss"]
[EventRounds "9"]
[EventCountry "ARG"]
[Source "lmi"]
[SourceDate "2015.03.19"]

1. d4 Nf6 2. c4 g6 3. Nc3 d5 4. cxd5 Nxd5 5. e4 Nxc3 6. bxc3 Bg7 7. Nf3 O-O 8.
Be2 c5 9. Rb1 cxd4 10. cxd4 Qa5+ 11. Bd2 Qxa2 12. O-O Bg4 13. Rxb7 Bxf3 14.
Bxf3 Bxd4 15. Qc1 Nc6 16. Bh6 Rfc8 17. Bg4 e6 18. Qf4 Rf8 19. Bxf8 Rxf8 20. Qd6
h5 21. Bf3 Na5 22. Rb8 Rxb8 23. Qxb8+ Kg7 24. Qg3 Nc4 25. Bxh5 Nd2 26. Bxg6
Nxf1 27. Kxf1 Qb1+ 0-1

[Event "Copa Latina 2015"]
[Site "Vicente Lopez ARG"]
[Date "2015.03.22"]
[Round "5.47"]
[White "Galleto, Ricardo"]
[Black "Hernandez Amura, Gilberto"]
[Result "1/2-1/2"]
[WhiteElo "1986"]
[BlackElo "2102"]
[PlyCount "93"]
[EventDate "2015.03.19"]
[EventType "swiss"]
[EventRounds "9"]
[EventCountry "ARG"]
[Source "lmi"]
[SourceDate "2015.03.19"]

1. e4 c6 2. d4 d5 3. e5 Bf5 4. g4 Bd7 5. Bd3 e6 6. Nf3 c5 7. c3 Nc6 8. Qe2 cxd4
9. Bf4 dxc3 10. Nxc3 Nge7 11. a3 Ng6 12. Bg3 Bc5 13. h4 Nge7 14. Kf1 a6 15. Kg2
Nd4 16. Nxd4 Bxd4 17. Qd2 Rc8 18. Ne2 Ba7 19. h5 h6 20. Rac1 Bc6 21. Rc2 d4+
22. f3 Nd5 23. Bf2 Ne3+ 24. Bxe3 dxe3 25. Qd1 Qg5 26. Rxc6 bxc6 27. Bxa6 Rc7
28. Qd6 Qe7 29. Rd1 O-O 30. b4 Ra8 31. Qxe7 Rxe7 32. Rd6 Rc7 33. Nc3 Bc5 34.
bxc5 Rxa6 35. Nb5 Rb7 36. Rd8+ Kh7 37. Nd6 Rb2+ 38. Kg3 e2 39. Kf2 Rxa3 40.
Nxf7 g5 41. Rd7 Ra1 42. Nxg5+ Kg8 43. Rd8+ Kg7 44. Rd7+ Kf8 45. Nh7+ Ke8 46.
Nf6+ Kf8 47. Nh7+ 1/2-1/2

[Event "Copa Latina 2015"]
[Site "Vicente Lopez ARG"]
[Date "2015.03.22"]
[Round "5.49"]
[White "Restuccia, Francisco"]
[Black "Fuentes, Diego"]
[Result "1/2-1/2"]
[WhiteElo "2079"]
[BlackElo "1570"]
[PlyCount "62"]
[EventDate "2015.03.19"]
[EventType "swiss"]
[EventRounds "9"]
[EventCountry "ARG"]
[Source "lmi"]
[SourceDate "2015.03.19"]

1. e4 e5 2. Bc4 Nf6 3. d3 Be7 4. Nc3 O-O 5. f4 exf4 6. Bxf4 d6 7. Nf3 Nc6 8.
O-O Be6 9. Nd5 Na5 10. Nxe7+ Qxe7 11. Bxe6 fxe6 12. e5 dxe5 13. Bxe5 Nc6 14.
Qe2 Nxe5 15. Qxe5 Qd6 16. Rae1 Rae8 17. Ng5 Qb6+ 18. Kh1 Re7 19. b3 h6 20. Ne4
Nxe4 21. Rxf8+ Kxf8 22. Qxe4 Qf2 23. h3 Qxc2 24. Qxb7 Qxd3 25. Qxa7 Kg8 26. Qc5
Qd6 27. Qc4 Kh8 28. a4 e5 29. Qe4 c6 30. Rf1 Re8 31. b4 Rb8 1/2-1/2

[Event "Copa Latina 2015"]
[Site "Vicente Lopez ARG"]
[Date "2015.03.22"]
[Round "5.53"]
[White "Vazquez, Maximiliano"]
[Black "Albistur, Damian"]
[Result "0-1"]
[WhiteElo "2153"]
[BlackElo "1860"]
[PlyCount "100"]
[EventDate "2015.03.19"]
[EventType "swiss"]
[EventRounds "9"]
[EventCountry "ARG"]
[Source "lmi"]
[SourceDate "2015.03.19"]

1. Nf3 e6 2. c4 Nf6 3. b3 d5 4. Bb2 c5 5. g3 Nc6 6. e3 d4 7. exd4 cxd4 8. d3 e5
9. Bg2 Bd6 10. O-O O-O 11. a3 a5 12. Re1 Ne8 13. Nbd2 Nc7 14. Qc2 f6 15. Rab1
Be6 16. Bc1 Be7 17. Ne4 Rb8 18. h3 Qd7 19. Kh2 Rfc8 20. g4 Na6 21. Nh4 b5 22.
Nf5 Bf8 23. Ra1 Kh8 24. f4 a4 25. cxb5 Rxb5 26. b4 Ncxb4 27. Qxa4 Nxd3 28. Rf1
Ndc5 29. Qd1 Nxe4 30. Bxe4 Nc5 31. Bg2 Bxf5 32. gxf5 e4 33. a4 Rbb8 34. a5 Nb3
35. Rb1 Nxc1 36. Rxc1 e3 37. Rxc8 Rxc8 38. Re1 d3 39. Rxe3 d2 40. Re2 Bb4 41.
a6 h6 42. a7 Qxa7 43. Rxd2 Bxd2 44. Qxd2 Qa1 45. Qd7 Qc1 46. Qd6 Rc4 47. Kg3
Qe1+ 48. Kh2 Qh4 49. Bd5 Rc2+ 50. Bg2 Qf2 0-1

[Event "Copa Latina 2015"]
[Site "Vicente Lopez ARG"]
[Date "2015.03.22"]
[Round "5.55"]
[White "Giuliani, German"]
[Black "Carraro, Denise"]
[Result "0-1"]
[WhiteElo "1805"]
[BlackElo "2099"]
[PlyCount "36"]
[EventDate "2015.03.19"]
[EventType "swiss"]
[EventRounds "9"]
[EventCountry "ARG"]
[Source "lmi"]
[SourceDate "2015.03.19"]

1. d4 Nf6 2. g3 d5 3. Bg2 b5 4. Nf3 e6 5. O-O Bb7 6. b3 Be7 7. Bb2 O-O 8. Nbd2
Nbd7 9. c4 bxc4 10. bxc4 c5 11. Rb1 Rc8 12. dxc5 Nxc5 13. Bd4 Ba6 14. cxd5 Nxd5
15. Ba1 Bf6 16. Ne5 Qc7 17. Ndf3 Rfd8 18. Qe1 Na4 0-1

[Event "Copa Latina 2015"]
[Site "Vicente Lopez ARG"]
[Date "2015.03.22"]
[Round "5.56"]
[White "Romanelli, Gabriel"]
[Black "Lopez, Jose Luis"]
[Result "1-0"]
[WhiteElo "2090"]
[BlackElo "1796"]
[PlyCount "47"]
[EventDate "2015.03.19"]
[EventType "swiss"]
[EventRounds "9"]
[EventCountry "ARG"]
[Source "lmi"]
[SourceDate "2015.03.19"]

1. c4 g6 2. Nf3 Bg7 3. Nc3 d6 4. d4 Nf6 5. e4 O-O 6. Be2 e5 7. O-O Nc6 8. d5
Ne7 9. Ne1 Nd7 10. f3 f5 11. Be3 f4 12. Bf2 g5 13. Rc1 Ng6 14. c5 Nxc5 15. b4
Na6 16. Nb5 Bd7 17. Nxa7 Nxb4 18. Qb3 Na6 19. Qxb7 Nc5 20. Bxc5 dxc5 21. Rxc5
g4 22. Rxc7 Rf7 23. d6 Bf8 24. Bc4 1-0

[Event "Copa Latina 2015"]
[Site "Vicente Lopez ARG"]
[Date "2015.03.22"]
[Round "5.63"]
[White "Maucci, Marcelo"]
[Black "Diaz, Carlos Ezequiel"]
[Result "1-0"]
[WhiteElo "1940"]
[BlackElo "1672"]
[PlyCount "69"]
[EventDate "2015.03.19"]
[EventType "swiss"]
[EventRounds "9"]
[EventCountry "ARG"]
[Source "lmi"]
[SourceDate "2015.03.19"]

1. e4 e5 2. Nc3 Nf6 3. g3 Bc5 4. Bg2 a6 5. Nge2 Nc6 6. O-O O-O 7. d3 Ng4 8. h3
Nf6 9. Bg5 h6 10. Be3 Qe7 11. Qd2 Nd4 12. Kh2 Nh7 13. Nd5 Qd8 14. c3 Nxe2 15.
Bxc5 d6 16. Be3 Nf4 17. gxf4 c6 18. Nb4 exf4 19. Bxf4 f5 20. Bg3 Ng5 21. f4 Nf7
22. Rae1 Qa5 23. a3 Be6 24. Nc2 Rae8 25. Nd4 Bd7 26. b4 Qb6 27. exf5 Nd8 28.
Rxe8 Bxe8 29. Re1 Bd7 30. Re7 Qc7 31. Ne6 Qc8 32. Nxf8 Kxf8 33. Qe2 Nf7 34. f6
h5 35. Qxh5 1-0

[Event "Copa Latina 2015"]
[Site "Vicente Lopez ARG"]
[Date "2015.03.22"]
[Round "5.64"]
[White "Garcia, Cristian Javier"]
[Black "Tierno De La Rosa, Juan"]
[Result "0-1"]
[WhiteElo "1668"]
[BlackElo "1897"]
[PlyCount "64"]
[EventDate "2015.03.19"]
[EventType "swiss"]
[EventRounds "9"]
[EventCountry "ARG"]
[Source "lmi"]
[SourceDate "2015.03.19"]

1. b4 b6 2. c4 e6 3. Bb2 Nf6 4. a3 Bb7 5. Nf3 Be7 6. e3 O-O 7. Be2 d5 8. O-O
Nbd7 9. Qc2 Rc8 10. d3 c5 11. Nbd2 cxb4 12. axb4 a6 13. Qb3 Bd6 14. Rfc1 Qe7
15. Rcb1 e5 16. Ba3 e4 17. c5 bxc5 18. bxc5 Nxc5 19. Bxc5 Rxc5 20. Qxb7 Rc1+
21. Rxc1 Qxb7 22. Nd4 Rc8 23. Rcb1 Qc7 24. dxe4 Nxe4 25. Nxe4 dxe4 26. g4 Bxh2+
27. Kg2 Be5 28. Rxa6 g6 29. Nc6 Bg7 30. Bc4 Qd7 31. Rab6 Rxc6 32. Bxf7+ Kxf7
0-1

[Event "Copa Latina 2015"]
[Site "Vicente Lopez ARG"]
[Date "2015.03.22"]
[Round "5.66"]
[White "Kapitanchuk, Tomas"]
[Black "Wolfsdorf, Alexis"]
[Result "1-0"]
[WhiteElo "2031"]
[BlackElo "1814"]
[PlyCount "75"]
[EventDate "2015.03.19"]
[EventType "swiss"]
[EventRounds "9"]
[EventCountry "ARG"]
[Source "lmi"]
[SourceDate "2015.03.19"]

1. e4 c5 2. Nf3 d6 3. d4 cxd4 4. Nxd4 Nf6 5. Nc3 g6 6. Be3 Bg7 7. f3 O-O 8. Qd2
Nc6 9. Bc4 Bd7 10. O-O-O Qa5 11. h4 Rfc8 12. Bb3 Ne5 13. g4 Nc4 14. Bxc4 Rxc4
15. h5 Rxc3 16. Qxc3 Qxa2 17. hxg6 hxg6 18. Qb3 Qa6 19. Qa3 Qc4 20. Rd3 a5 21.
g5 Ne8 22. Rc3 Qa6 23. f4 e5 24. fxe5 dxe5 25. Nb3 b6 26. Nd2 Bf8 27. Rh8+ Kxh8
28. Qxf8+ Kh7 29. Qxf7+ Ng7 30. Qxd7 Qe2 31. Qh3+ Kg8 32. b3 Qe1+ 33. Kb2 a4
34. Rc8+ Rxc8 35. Qxc8+ Kh7 36. Qh3+ Nh5 37. bxa4 Qe2 38. Qd7+ 1-0

[Event "Copa Latina 2015"]
[Site "Vicente Lopez ARG"]
[Date "2015.03.22"]
[Round "5.69"]
[White "Coro, Lucas"]
[Black "Moncayo Silva, Pablo"]
[Result "1-0"]
[WhiteElo "1637"]
[BlackElo "1912"]
[PlyCount "67"]
[EventDate "2015.03.19"]
[EventType "swiss"]
[EventRounds "9"]
[EventCountry "ARG"]
[Source "lmi"]
[SourceDate "2015.03.19"]

1. e4 d5 2. exd5 Nf6 3. d4 Qxd5 4. Nc3 Qa5 5. Nf3 Bg4 6. h3 Bh5 7. g4 Bg6 8.
Bc4 e6 9. Bd2 Bb4 10. a3 Be7 11. Nd5 Qxd5 12. Bxd5 Nxd5 13. Qe2 O-O 14. O-O-O
Nc6 15. c3 Na5 16. b4 Nb3+ 17. Kb2 Nxd2 18. Rxd2 a5 19. Ne5 axb4 20. axb4 Ra2+
21. Kb3 Ra7 22. Nxg6 hxg6 23. Ra2 Rfa8 24. Rxa7 Rxa7 25. h4 Ra6 26. Qe4 Rc6 27.
Rh3 Nf6 28. Qe2 Nd5 29. Qd2 Bd6 30. b5 Rb6 31. c4 Nf4 32. Rf3 e5 33. dxe5 Bxe5
34. Rxf4 1-0

[Event "Copa Latina 2015"]
[Site "Vicente Lopez ARG"]
[Date "2015.03.23"]
[Round "6.1"]
[White "Cori, Jorge"]
[Black "Hernandez Guerrero, Gilberto"]
[Result "1-0"]
[WhiteElo "2596"]
[BlackElo "2517"]
[PlyCount "93"]
[EventDate "2015.03.19"]
[EventType "swiss"]
[EventRounds "9"]
[EventCountry "ARG"]
[Source "lmi"]
[SourceDate "2015.03.19"]

1. d4 Nf6 2. Nf3 g6 3. c4 Bg7 4. Nc3 O-O 5. e4 d6 6. Be2 c5 7. d5 e6 8. O-O Re8
9. dxe6 Bxe6 10. Bf4 Bg4 11. Qd3 Nc6 12. h3 Bxf3 13. Bxf3 Ne5 14. Qe2 Qb6 15.
Rad1 h6 16. Rd2 a6 17. Rfd1 Bf8 18. Bg3 Qb4 19. Bxe5 Rxe5 20. g3 Rb8 21. Bg2 b5
22. f4 Ree8 23. e5 dxe5 24. fxe5 Bg7 25. Bc6 Re7 26. exf6 Rxe2 27. Rxe2 Bf8 28.
Rd7 bxc4 29. Bd5 Qb6 30. Bxf7+ Kh8 31. Re6 Qxb2 32. Bxg6 Kg8 33. Bh7+ Kh8 34.
Bg6 Kg8 35. Re8 Qa1+ 36. Nd1 Qxf6 37. Bh7+ Kh8 38. Rxb8 Qf3 39. Rbd8 Qxg3+ 40.
Kf1 Qxh3+ 41. Ke1 Qg3+ 42. Nf2 Qf4 43. Ke2 c3 44. Be4 c4 45. Rd5 Qf6 46. Rc8 c2
47. Rxc4 1-0

[Event "Copa Latina 2015"]
[Site "Vicente Lopez ARG"]
[Date "2015.03.23"]
[Round "6.2"]
[White "Pichot, Alan"]
[Black "Real De Azua, Ernesto"]
[Result "1/2-1/2"]
[WhiteElo "2482"]
[BlackElo "2435"]
[PlyCount "29"]
[EventDate "2015.03.19"]
[EventType "swiss"]
[EventRounds "9"]
[EventCountry "ARG"]
[Source "lmi"]
[SourceDate "2015.03.19"]

1. e4 e5 2. Nf3 Nc6 3. Bb5 a6 4. Ba4 Nf6 5. O-O b5 6. Bb3 Bc5 7. a4 Bb7 8. d3
d6 9. Nc3 b4 10. Nd5 Na5 11. Ba2 Nxd5 12. Bxd5 Bxd5 13. exd5 O-O 14. Qe1 c6 15.
dxc6 1/2-1/2

[Event "Copa Latina 2015"]
[Site "Vicente Lopez ARG"]
[Date "2015.03.23"]
[Round "6.3"]
[White "Villanueva, Mario"]
[Black "Bachmann, Axel"]
[Result "0-1"]
[WhiteElo "2430"]
[BlackElo "2614"]
[PlyCount "100"]
[EventDate "2015.03.19"]
[EventType "swiss"]
[EventRounds "9"]
[EventCountry "ARG"]
[Source "lmi"]
[SourceDate "2015.03.19"]

1. e4 e5 2. Nf3 Nc6 3. Bb5 a6 4. Ba4 Nf6 5. O-O b5 6. Bb3 Be7 7. Re1 O-O 8. c3
d6 9. d4 Bg4 10. d5 Na5 11. Bc2 c6 12. h3 Bc8 13. dxc6 Qc7 14. Nbd2 Qxc6 15.
Nf1 Nc4 16. a4 Be6 17. Ng5 Bd7 18. b3 Nb6 19. a5 Nc8 20. Qd3 Rd8 21. Ne3 h6 22.
Nf3 Qc7 23. c4 Qb7 24. Ba3 g6 25. Rac1 Bf8 26. b4 Na7 27. Bb3 Rac8 28. Qb1 bxc4
29. Nxc4 Be6 30. Nb6 Rxc1 31. Bxc1 Bxb3 32. Qxb3 Nxe4 33. Qd5 Qxd5 34. Nxd5 f5
35. Nh4 Kf7 36. g4 Nf6 37. Nc7 Rc8 38. Nxa6 Nb5 39. gxf5 gxf5 40. Nxf5 Ke6 41.
Nxh6 Ra8 42. Nc5+ dxc5 43. Bf4 e4 44. bxc5 Nd4 45. Kf1 Rxa5 46. Ng4 Nf3 47.
Nxf6 Nxe1 48. Nh7 Nf3 49. Nxf8+ Kf7 50. Ke2 Ra1 0-1

[Event "Copa Latina 2015"]
[Site "Vicente Lopez ARG"]
[Date "2015.03.23"]
[Round "6.4"]
[White "Flores, Diego"]
[Black "Gemy, Jose Daniel"]
[Result "1-0"]
[WhiteElo "2569"]
[BlackElo "2406"]
[PlyCount "57"]
[EventDate "2015.03.19"]
[EventType "swiss"]
[EventRounds "9"]
[EventCountry "ARG"]
[Source "lmi"]
[SourceDate "2015.03.19"]

1. c4 c6 2. Nf3 Nf6 3. Nc3 d5 4. e3 g6 5. d4 Bg7 6. Be2 O-O 7. O-O a6 8. Qb3 e6
9. Rd1 Qe7 10. Bd2 Nbd7 11. Be1 Rb8 12. a4 b6 13. cxd5 exd5 14. a5 b5 15. Na2
c5 16. dxc5 Nxc5 17. Qa3 Be6 18. Rac1 Rfc8 19. Nd4 Ra8 20. Bb4 Bf8 21. Nb3 Nfd7
22. Rc3 Rc7 23. Nac1 Rac8 24. Nxc5 Rxc5 25. Bxc5 Rxc5 26. Nd3 Qh4 27. Rxc5 Nxc5
28. Nxc5 b4 29. g3 1-0

[Event "Copa Latina 2015"]
[Site "Vicente Lopez ARG"]
[Date "2015.03.23"]
[Round "6.5"]
[White "Quintiliano Pinto, Renato R"]
[Black "Morovic Fernandez, Ivan"]
[Result "1/2-1/2"]
[WhiteElo "2403"]
[BlackElo "2568"]
[PlyCount "79"]
[EventDate "2015.03.19"]
[EventType "swiss"]
[EventRounds "9"]
[EventCountry "ARG"]
[Source "lmi"]
[SourceDate "2015.03.19"]

1. d4 e6 2. c4 f5 3. g3 Nf6 4. Bg2 Bb4+ 5. Nd2 a5 6. Ngf3 b6 7. a3 Be7 8. Ne5
Ra7 9. O-O O-O 10. b3 Bb7 11. Ndf3 Ne4 12. Bb2 Bf6 13. b4 c5 14. bxc5 bxc5 15.
Qc2 Qe7 16. Nd2 d6 17. Nef3 Nd7 18. e3 Rc8 19. Rfc1 Bc6 20. Ne1 Nxd2 21. Qxd2
Bxg2 22. Nxg2 Rb7 23. Ra2 Nb6 24. Qxa5 cxd4 25. Bxd4 Nxc4 26. Bxf6 gxf6 27. Qa6
Rbc7 28. Nf4 Rc6 29. Qb5 d5 30. Rac2 Qd6 31. Rc3 Rb8 32. Qa4 Rbc8 33. Qd1 Ne5
34. Rxc6 Rxc6 35. Rxc6 Qxc6 36. Nd3 Nc4 37. Nf4 Ne5 38. Nd3 Nc4 39. Nf4 Ne5 40.
Nd3 1/2-1/2

[Event "Copa Latina 2015"]
[Site "Vicente Lopez ARG"]
[Date "2015.03.23"]
[Round "6.6"]
[White "Rios, Cristhian Camilo"]
[Black "Mekhitarian, Krikor Sevag"]
[Result "1/2-1/2"]
[WhiteElo "2415"]
[BlackElo "2556"]
[PlyCount "162"]
[EventDate "2015.03.19"]
[EventType "swiss"]
[EventRounds "9"]
[EventCountry "ARG"]
[Source "lmi"]
[SourceDate "2015.03.19"]

1. d4 Nf6 2. c4 e6 3. Nf3 b6 4. a3 Ba6 5. Qc2 Bb7 6. Nc3 c5 7. dxc5 bxc5 8. Bf4
d6 9. e3 Be7 10. h3 O-O 11. Be2 a6 12. O-O Qc7 13. Rfd1 Nbd7 14. Bh2 Rfd8 15.
b4 Nb6 16. Nd2 Rac8 17. Rab1 Ba8 18. b5 Qa7 19. bxa6 Qxa6 20. a4 Nbd7 21. Nde4
Nxe4 22. Nxe4 Ne5 23. Bxe5 dxe5 24. Rxd8+ Rxd8 25. Rd1 Rxd1+ 26. Bxd1 f5 27.
Nd2 e4 28. Qb2 Qd6 29. Be2 Bd8 30. Nb3 Bc7 31. g3 Qb6 32. Qa3 Qb4 33. Qxb4 cxb4
34. a5 Kf7 35. a6 Ke7 36. c5 Bb8 37. Bc4 Ba7 38. Kf1 g6 39. Ke1 Kd7 40. Kd2 Bd5
41. Bb5+ Kc7 42. Kc2 g5 43. h4 gxh4 44. gxh4 e5 45. Kb2 f4 46. Kc2 h6 47. Kb2
Be6 48. Kc2 Bd5 49. Kd2 Bf7 50. Kc2 Bg8 51. Kb2 Be6 52. Kc2 Bg4 53. Kc1 Bh3 54.
Kc2 Bg4 55. Kc1 Bc8 56. Kc2 Bh3 57. Kc1 Bd7 58. Bxd7 Kxd7 59. Nd2 fxe3 60. fxe3
Bxc5 61. Nxe4 Bxe3+ 62. Kc2 Kc6 63. Kd3 Bb6 64. Kc4 Ba5 65. h5 Kb6 66. Nc5 Ka7
67. Kb5 Bd8 68. Kxb4 e4 69. Nxe4 Kxa6 70. Kc4 Bb6 71. Kd5 Kb5 72. Nd6+ Kb4 73.
Nf5 Bc7 74. Nxh6 Bf4 75. Nf7 Bc1 76. Ke6 Kc5 77. Kf6 Kc6 78. Ng5 Kd7 79. h6 Ke8
80. Kg7 Bxg5 81. h7 Ke7 1/2-1/2

[Event "Copa Latina 2015"]
[Site "Vicente Lopez ARG"]
[Date "2015.03.23"]
[Round "6.7"]
[White "Paveto, Kevin"]
[Black "Obregon, Andres Carlos"]
[Result "0-1"]
[WhiteElo "2397"]
[BlackElo "2531"]
[PlyCount "42"]
[EventDate "2015.03.19"]
[EventType "swiss"]
[EventRounds "9"]
[EventCountry "ARG"]
[Source "lmi"]
[SourceDate "2015.03.19"]

1. e4 e6 2. d4 d5 3. Nd2 c5 4. Ngf3 cxd4 5. exd5 Qxd5 6. Bc4 Qd6 7. O-O Nf6 8.
Nb3 Nc6 9. Nbxd4 Nxd4 10. Nxd4 a6 11. Re1 Be7 12. c3 O-O 13. Qe2 Re8 14. Bg5
Qc5 15. Bh4 b5 16. Bb3 Bb7 17. Rad1 Rad8 18. h3 Bd6 19. a4 b4 20. c4 g5 21. Bg3
Bxg3 0-1

[Event "Copa Latina 2015"]
[Site "Vicente Lopez ARG"]
[Date "2015.03.23"]
[Round "6.8"]
[White "Valerga, Diego"]
[Black "Della Morte, German"]
[Result "1-0"]
[WhiteElo "2482"]
[BlackElo "2401"]
[PlyCount "59"]
[EventDate "2015.03.19"]
[EventType "swiss"]
[EventRounds "9"]
[EventCountry "ARG"]
[Source "lmi"]
[SourceDate "2015.03.19"]

1. d4 d5 2. c4 c6 3. Nf3 Nf6 4. Nc3 dxc4 5. a4 Bf5 6. Ne5 Nbd7 7. Nxc4 Nb6 8.
Ne5 a5 9. e3 g6 10. Bd3 Bxd3 11. Nxd3 Bg7 12. Qb3 O-O 13. O-O Nfd7 14. Ne2 e5
15. Nxe5 Nxe5 16. dxe5 Bxe5 17. e4 Qc7 18. f4 Bg7 19. Be3 Nd7 20. e5 Kh8 21.
Rad1 Rae8 22. Ng3 f5 23. Rd2 Rg8 24. Qf7 Rd8 25. Rfd1 Rgf8 26. Qe7 Rfe8 27. Qd6
Qc8 28. Qd4 Qc7 29. Ne2 Re7 30. Qd6 1-0

[Event "Copa Latina 2015"]
[Site "Vicente Lopez ARG"]
[Date "2015.03.23"]
[Round "6.9"]
[White "Cori Quispe, Kevin"]
[Black "Slipak, Sergio"]
[Result "1/2-1/2"]
[WhiteElo "2382"]
[BlackElo "2436"]
[PlyCount "102"]
[EventDate "2015.03.19"]
[EventType "swiss"]
[EventRounds "9"]
[EventCountry "ARG"]
[Source "lmi"]
[SourceDate "2015.03.19"]

1. e4 e5 2. Nf3 Nf6 3. Nxe5 d6 4. Nf3 Nxe4 5. d4 d5 6. Bd3 Be7 7. O-O Nd6 8.
Nc3 c6 9. Ne2 Bf5 10. Ng3 Bxd3 11. Qxd3 O-O 12. Bf4 Nd7 13. Rfe1 Re8 14. a4 Bf8
15. Rxe8 Nxe8 16. Re1 Nd6 17. Ne5 Qh4 18. Bd2 Nf6 19. f3 Re8 20. c3 g6 21. Re2
Re6 22. b3 Bh6 23. Be1 Qg5 24. f4 Qh4 25. f5 gxf5 26. Nxf5 Qg5 27. Nxd6 Rxd6
28. Bd2 Qg7 29. Bxh6 Qxh6 30. Rf2 Re6 31. Qf3 Kf8 32. g3 Ke7 33. Kg2 Qc1 34. c4
Qb1 35. cxd5 cxd5 36. Re2 Qa1 37. Qf4 Qd1 38. Qd2 Qxd2 39. Rxd2 Rb6 40. Rc2
Rxb3 41. Rc7+ Ke6 42. Nxf7 Rb4 43. Ng5+ Kf5 44. Nxh7 Nxh7 45. Rxh7 Rxd4 46.
Rxb7 Rxa4 47. h4 d4 48. Kf3 Ra3+ 49. Ke2 Rxg3 50. Rxa7 Rh3 51. Re7 Rxh4 1/2-1/2